04034cam a22003617a 450000100090000000300130000900500170002200600190003900700150005800800410007302000380011402000350015202000250018703500260021204000500023804200140028805000220030208200240032421000240034824501090037226000440048149000440052550200060056950400410057550511050061650600430172152016410176465000280340570000430343377300400347683000330351685601230354910191662Nust- CAS-E020180118181407.0m d cr n 121005s2013 enka sb 000 0 eng d a9781447148227 (hbk. : alk. paper) a1447148223 (hbk. : alk. paper) a9781447148234 (ebk.) a(WaSeSS)ssj0000811546 aIXAbengcIXAdBTCTAdYDXCPdBWXdDLCdWaSeSS alccopycat 4aTK2960b.O74 2013 a621.31244bORG 201310aOrganic solar cells00aOrganic solar cellsh[electronic resource] :bmaterials and device physics /cWallace C.H. Choy, editor. aLondon ;aNew York :bSpringer,cc2013.1 aGreen energy and technology,x1865-3529 a0 aIncludes bibliographical references.00tIntroduction to Organic Solar Cells /rDixon D. S. Fung and Wallace C. H. Choy --tActive Layer Materials for Organic Solar Cells /rJianhui Hou and Xia Guo --tInterface Engineering for High Performance Bulk-Heterojunction Polymeric Solar Cells /rChunhui Duan, Chengmei Zhong, Fei Huang and Yong Cao --tGraphene for Transparent Electrodes and Organic Electronic Devices /rXiangjian Wan, Guankui Long and Yongsheng Chen --tExciton and Charge Dynamics in Polymer Solar Cells Studied by Transient Absorption Spectroscopy /rHideo Ohkita and Shinzaburo Ito --tInterface Stability of Polymer and Small-Molecule Organic Photovoltaics /rDegradation Mechanisms, Characterization Techniques, and Improvement Approaches /rD. W. Zhao, L. Ke, W. Huang and X. W. Sun --tTheoretical Studies of Plasmonic Effects in Organic Solar Cells /rWei E. I. Sha, Wallace C. H. Choy and Weng Cho Chew --tExperimental Studies of Plasmonic Nanoparticle Effects on Organic Solar Cells /rDixon D. S. Fung and Wallace C. H. Choy --tHybrid Solar Cells with Polymer and Inorganic Nanocrystals /rQidong Tai and Feng Yan. aLicense restrictions may limit access. a"Organic solar cells have emerged as new promising photovoltaic devices due to their potential applications in large area, printable and flexible solar panels. Organic Solar Cells: Materials and Device Physics offers an updated review on the topics covering the synthesis, properties and applications of new materials for various critical roles in devices from electrodes, interface and carrier transport materials, to the active layer composed of donors and acceptors.Addressing the important device physics issues of carrier and exciton dynamics and interface stability and novel light trapping structures, the potential for hybrid organic solar cells to provide high efficiency solar cells is examined and discussed in detail. Specific chapters covers key areas including: Latest research and designs for highly effective polymer donors/acceptors and interface materials; Synthesis and application of highly transparent and conductive graphene; Exciton and charge dynamics for in-depth understanding of the mechanism underlying organic solar cells; New potentials and emerging functionalities of plasmonic effects in OSCs; Interface Degradation Mechanisms in organic photovoltaics improving the entire device lifetime; Device architecture and operation mechanism of organic/ inorganic hybrid solar cells for next generation of high performance photovoltaics. This reference can be practically and theoretically applied by senior undergraduates, postgraduates, engineers, scientists, researchers, and project managers with some fundamental knowledge in organic and inorganic semiconductor materials or devices"--Provided by publisher. 0aSolar cellsxMaterials.1 aChoy, Wallace C. H.q(Wallace Chik Ho) 0tSpringerLink ebooks - Energy (2013) 0aGreen energy and technology.40uhttp://www.columbia.edu/cgi-bin/cul/resolve?clio10191662zFull text available from SpringerLink ebooks - Energy (2013)